Dermatológia a venerológia

Bibliographic Details
Main Authors: Braun-Falco, Otto (Author), Plewig, Gerd (Author), Wolff, Helmut H. (Author)
Format: Book
Language:Slovak
PhysicalDescription:xii, 1475 s. fotogr. 28 cm
Published: Martin Osveta 2001
ISBN:8080630801
Subjects:

MARC

LEADER 00000nam a2200000 a 4500
001 vtls001433868
003 SK-MaSNL
005 20260302001954.0
008 240314s2001 xo aa r y slo
015 |a SNBA2002/10-03236 
020 |a 8080630801 
035 |a SNK000388941 
035 |a urn:nbn:sk:snk-amyh5u 
035 |a urn:nbn:sk:snk-am00cl2a 
035 |a CEECA150-6483-4BF9-9E73-CFA17860DFE3 
040 |a SNK  |b slo  |c SNK  |e AACR2 
041 0 |a slo 
044 |a xo  |c SK 
080 |a 616.5(075.8)=854=850  |2 1981 
080 |a 616.97(075.8)=854=850  |2 1981 
100 1 |a Braun-Falco, Otto  |4 aut  |9 638707 
240 1 0 |a Dermatologie und Venerologie  |l Slovensky 
245 1 0 |a Dermatológia a venerológia  |c Otto Braun-Falco, Gerd Plewig, Helmut H. Wolff 
260 |a Martin  |b Osveta  |c 2001 
300 |a xii, 1475 s.  |b fotogr.  |c 28 cm 
500 |a Čiast. text čes. 
500 |a 1. slov. a čes. vyd. 
504 |a Bibliogr. odkazy. Register. Bibliogr. s 1428-1431 
650 0 7 |a dermatológia  |2 SNKPH  |9 902 
650 0 7 |a venerológia  |2 SNKPH  |9 2565 
655 7 |a učebnice  |2 SNKPH  |9 22521 
655 7 |a príručky  |2 SNKPH  |9 74364 
655 7 |a učebnice vysokých škôl  |2 SNKPH  |9 70191 
700 1 |a Plewig, Gerd  |4 aut  |9 638708 
700 1 |a Wolff, Helmut H.  |4 aut  |9 638709 
919 |a 80-8063-080-1 
958 |a TL 
958 |a OP 
958 |a DE 
958 |a MI 
958 |a UV 
958 |a NS 
958 |a OND 
968 |b GER 
999 |c 986036  |d 987966 
952 |t P60, <03>, [BOOK], {603}  |a SNK  |b SNK  |y PREZ  |7 0  |p 17A0345333  |o snkSB 64985  |i snkKSP 6378/2002  |0 0  |1 0  |4 0  |d 2002-05-28  |f 1  |l 0  |r 2017-06-30 00:00:00  |w 2026-02-24 
952 |t P60, <04>, [BOOK], {604}  |a SNK  |b SNK  |y VYP  |7 0  |p 17A0345334  |o snkSB 64985 D1  |i snkKSP 6379/2002  |3 Poškodená väzba!  |0 0  |1 0  |4 0  |d 2002-05-28  |l 0  |r 2005-01-02 00:00:00  |w 2026-02-24 
952 |t snkBRA 616.5  |a SNKUST  |b SNKUST  |y PREZ  |7 0  |p 17A0110775  |o snkSB 64985 D2  |i snkK 399/2002  |0 0  |1 0  |4 0  |d 2002-05-13  |l 0  |r 2025-04-30 00:00:00  |w 2026-02-24